Statistics for Presidents with the Same Last Name

Click here to take the quiz!

General Stats

  • This quiz has been taken 44 times
  • The average score is 8 of 10

Answer Stats

Last NameFirst Name% Correct
BushGeorge W.
92%
AdamsJohn
92%
RooseveltFranklin
87%
RooseveltTheodore
85%
BushGeorge H. W.
74%
JohnsonLyndon
72%
AdamsJohn Quincy
69%
HarrisonWilliam
67%
JohnsonAndrew
62%
HarrisonBenjamin
54%

Score Distribution

Percentile by Number Answered

Percent of People with Each Score

Your Score History

You have not taken this quiz